Central Library OPAC University of Rajshahi

কবি গোলাম মোস্তাফা / (Record no. 52768)

MARC details
000 -LEADER
fixed length control field 00910nam a2200229 a 4500
001 - CONTROL NUMBER
control field 52768
003 - CONTROL NUMBER IDENTIFIER
rucl marc code BD-RjUL
005 - DATE AND TIME OF LATEST TRANSACTION
control field 20250428100217.0
008 - FIXED-LENGTH DATA ELEMENTS--GENERAL INFORMATION
fixed length control field 160926s1967 bg |||| ||| 000 0 ben d
020 ## - INTERNATIONAL STANDARD BOOK NUMBER
Terms of availability : Irs. 4.00
035 ## - SYSTEM CONTROL NUMBER
System control number (BD-RjUL)52768
040 ## - CATALOGING SOURCE
Original cataloging agency BD-RjUL
Language of cataloging ben
Transcribing agency BD-RjUL
Modifying agency BD-RjUL
041 ## - LANGUAGE CODE
Language code of text/sound track or separate title ben
082 ## - DEWEY DECIMAL CLASSIFICATION NUMBER
Edition number 23
Classification number 891.44109
Author mark and year KAV 1967
245 10 - TITLE STATEMENT
Title কবি গোলাম মোস্তাফা /
Statement of responsibility, etc. সংগ্রহ ও সম্পাদনা খাতুন ফিরোজা
260 ## - PUBLICATION, DISTRIBUTION, ETC. (IMPRINT)
Place of publication, distribution, etc. ঢাকা :
Name of publisher, distributor, etc. বাংলা একাডেমী,
Date of publication, distribution, etc. ১৯৬৭ [১৩৭৪]
300 ## - PHYSICAL DESCRIPTION
Pagination [৮] ১৭৫ পৃ.
Size ২১ সেমি.
650 ## - SUBJECT ADDED ENTRY--TOPICAL TERM
Topical term or geographic name as entry element বাংলা কবিতা
General subdivision ইতিহাস ও সমালোচনা
9 (RLIN) 157797
Topical term or geographic name as entry element Bengali poetry
General subdivision History and criticism
9 (RLIN) 157798
700 ## - ADDED ENTRY--PERSONAL NAME
Personal name ফিরোজা খাতুন
942 ## - ADDED ENTRY ELEMENTS (KOHA)
Source of classification or shelving scheme Dewey Decimal Classification
Koha item type Books
Holdings
Lost status Source of classification or shelving scheme Damaged status Not for loan Collection code Permanent Location Current Location Shelving location Date acquired Source of acquisition Cost, normal purchase price Total Checkouts Full call number Date last seen Copy number Koha item type
  Dewey Decimal Classification     Non-fiction Central Library, University of Rajshahi Central Library, University of Rajshahi   26/06/1970 Kolikata : India Enter 4.00   B 891.44109 KAV 1967 26/09/2016 C-2 Books
  Dewey Decimal Classification     Non-fiction Central Library, University of Rajshahi Central Library, University of Rajshahi   04/10/1968 Nowrj kittan 4.00   B 891.44109 KAV 1967 26/09/2016 C-3 Books
  Dewey Decimal Classification   Not For Loan Non-fiction Central Library, University of Rajshahi Central Library, University of Rajshahi Reading Room 26/06/1970   4.50   B 891.44109 KAV 1967 28/04/2025 C-1 Books